[Event "ISR-chT"]
[Site "Israel"]
[Date "2023.02.11"]
[Round "8.4"]
[White "Bronstein, Or"]
[Black "Vydeslaver, Alik"]
[Result "1-0"]
[WhiteElo "2447"]
[BlackElo "2385"]
[PlyCount "59"]
[EventDate "2023.01.11"]
[EventType "team-tourn"]
[EventRounds "11"]
[EventCountry "ISR"]
[SourceTitle "EXT 2024"]
[Source "ChessBase"]
[SourceDate "2023.10.10"]
[SourceVersion "1"]
[SourceVersionDate "2023.10.10"]
[SourceQuality "1"]
[WhiteTeam "Rishon Le Zion"]
[BlackTeam "Beer Sheva II"]
[WhiteTeamCountry "ISR"]
[BlackTeamCountry "ISR"]

1. d4 g6 2. c4 Bg7 3. e4 d6 4. Nc3 Nc6 5. d5 Nd4 6. Be3 c5 7. Nge2 Nxe2 8. Bxe2 Nf6 9. 0-0 0-0 10. Qd2 a6 11. Bh6 Ne8 12. Rad1 Bd7 13. Bxg7 Nxg7 14. f4 b5 15. Rde1 bxc4 16. Bxc4 Bb5 17. Be2 Rb8 18. Rf3 Bxe2 19. Rxe2 f5 20. a3 Qa5 21. e5 Rb7 22. Qe3 Rfb8 23. Rff2 Qc7 24. h3 Rb3 25. g4 Rf8 26. Qg3 Qb7 27. Qh4 fxg4 28. hxg4 c4 29. f5 gxf5 30. exd6 1-0

[Event "ISR-chT"]
[Site "Israel"]
[Date "2022.02.12"]
[Round "6.2"]
[White "Vydeslaver, Alik"]
[Black "Smirin, Ilia"]
[Result "1-0"]
[WhiteElo "2376"]
[BlackElo "2614"]
[PlyCount "65"]
[EventDate "2022.01.14"]
[EventType "team-tourn"]
[EventRounds "11"]
[EventCountry "ISR"]
[SourceTitle "EXT 2023"]
[Source "ChessBase"]
[SourceDate "2022.10.05"]
[SourceVersion "1"]
[SourceVersionDate "2022.10.05"]
[SourceQuality "1"]
[WhiteTeam "Beer Sheva II"]
[BlackTeam "Ashdod"]
[WhiteTeamCountry "ISR"]
[BlackTeamCountry "ISR"]

1. d4 Nf6 2. Bg5 Ne4 3. Bf4 c5 4. f3 Qa5+ 5. c3 Nf6 6. Nd2 cxd4 7. Nb3 Qf5 8. Bxb8 Rxb8 9. Qxd4 b6 10. e4 Qf4 11. Nh3 Qc7 12. e5 Ng8 13. Ng5 f6 14. exf6 Nxf6 15. Bb5 a6 16. Bd3 e6 17. 0-0-0 Be7 18. Qh4 h6 19. Bg6+ Kf8 20. Nf7 Rg8 21. Qd4 Nd5 22. g3 Bf6 23. Qd3 Bb7 24. Rhe1 a5 25. Kb1 a4 26. Nd4 a3 27. c4 Ne7 28. Nxe6+ dxe6 29. Nd8 Bc8 30. Rxe6 axb2 31. f4 Ra8 32. Qf5 Nxg6 33. Qxg6 1-0

[Event "ISR-chT"]
[Site "Israel"]
[Date "2021.04.30"]
[Round "3.2"]
[White "Vydeslaver, Alik"]
[Black "Ben Ari, Yannay"]
[Result "1/2-1/2"]
[WhiteElo "2371"]
[BlackElo "2387"]
[PlyCount "51"]
[EventDate "2021.04.22"]
[EventType "team-tourn"]
[EventRounds "11"]
[EventCountry "ISR"]
[SourceTitle "EXT 2022"]
[Source "ChessBase"]
[SourceDate "2021.10.06"]
[SourceVersion "1"]
[SourceVersionDate "2021.10.06"]
[SourceQuality "1"]
[WhiteTeam "Beer Sheva Yud Alef"]
[BlackTeam "Petah Tikva Nearim"]
[WhiteTeamCountry "ISR"]
[BlackTeamCountry "ISR"]

1. e4 c5 2. Nf3 d6 3. d4 cxd4 4. Qxd4 Nc6 5. Bb5 a6 6. Bxc6+ bxc6 7. c4 e5 8. Qd3 Ne7 9. Nc3 Ng6 10. 0-0 Be7 11. c5 dxc5 12. Qxd8+ Bxd8 13. Be3 Rb8 14. Na4 c4 15. Nd2 Rb4 16. b3 cxb3 17. axb3 Be7 18. Rfc1 0-0 19. g3 Rd8 20. Rxc6 Bb7 21. Rb6 Rxb6 22. Nxb6 Bb4 23. Nbc4 Nf8 24. Na5 Ba8 25. Nac4 Bb7 26. Na5 1/2-1/2

[Event "Warsaw Najdorf Memorial op-A 13th"]
[Site "Warsaw"]
[Date "2015.07.17"]
[Round "8"]
[White "Sadzikowski, Daniel"]
[Black "Vydeslaver, Alik"]
[Result "1-0"]
[WhiteElo "2477"]
[BlackElo "2398"]
[PlyCount "145"]
[EventDate "2015.07.10"]
[EventType "swiss"]
[EventRounds "9"]
[EventCountry "POL"]
[SourceTitle "CBM 167 Extra"]
[Source "ChessBase"]
[SourceDate "2015.09.14"]
[SourceVersion "1"]
[SourceVersionDate "2015.09.14"]
[SourceQuality "1"]

1. c4 e5 2. g3 Nf6 3. Bg2 c6 4. Nf3 d6 5. 0-0 Be7 6. Nc3 0-0 7. d3 a5 8. a3 Re8 9. Rb1 Bf8 10. e4 Na6 11. h3 Nc7 12. Re1 c5 13. Bd2 Bd7 14. b4 axb4 15. axb4 b6 16. b5 h6 17. Qc2 Qc8 18. Kh2 Ne6 19. Qb2 g6 20. Ra1 Qb7 21. Reb1 Rxa1 22. Rxa1 Ra8 23. Ra2 Kh7 24. Qa1 Rxa2 25. Qxa2 Nc7 26. Be3 Qa8 27. Qxa8 Nxa8 28. Na4 Ne8 29. Ng1 Be7 30. Ne2 Bd8 31. Bc1 Nec7 32. Nec3 f6 33. h4 g5 34. Bh3 Bxh3 35. Kxh3 Kg6 36. hxg5 hxg5 37. Kg4 Ne6 38. Be3 Ng7 39. Nd5 Ne6 40. Nac3 Ng7 41. Nd1 Ne8 42. Bd2 Kf7 43. N1e3 Be7 44. Kh5 Ng7+ 45. Kh6 Bf8 46. Kh7 Ne6 47. Nf5 Nec7 48. Nc3 Ne6 49. Be3 Nac7 50. Na4 Na8 51. f3 Nd8 52. Nb2 Ne6 53. Nd1 Nac7 54. Nf2 Ne8 55. Ng4 Bg7 56. Ngh6+ Bxh6 57. Nxh6+ Ke7 58. Kg8 Nd8 59. Nf5+ Kd7 60. Bd2 Ne6 61. Bc3 Nd8 62. Ne3 Nc7 63. Kg7 Ke6 64. Kf8 Nb7 65. Nd5 Nxd5 66. cxd5+ Kd7 67. Kf7 Na5 68. Kxf6 Nb3 69. Kxg5 Nc1 70. Kf6 Nxd3 71. Kf7 Nf2 72. g4 Nh3 73. Bd2 1-0

[Event "Warsaw Najdorf Memorial op-A 13th"]
[Site "Warsaw"]
[Date "2015.07.11"]
[Round "2"]
[White "Janik, Igor"]
[Black "Vydeslaver, Alik"]
[Result "0-1"]
[WhiteElo "2261"]
[BlackElo "2398"]
[PlyCount "126"]
[EventDate "2015.07.10"]
[EventType "swiss"]
[EventRounds "9"]
[EventCountry "POL"]
[SourceTitle "CBM 167 Extra"]
[Source "ChessBase"]
[SourceDate "2015.09.14"]
[SourceVersion "1"]
[SourceVersionDate "2015.09.14"]
[SourceQuality "1"]

1. e4 d5 2. exd5 Qxd5 3. Nc3 Qa5 4. d4 Nf6 5. Bc4 Bf5 6. Nf3 e6 7. 0-0 c6 8. Bf4 Nbd7 9. h3 Be7 10. Qe2 0-0 11. Rfe1 Bb4 12. Bb3 Bxc3 13. bxc3 c5 14. c4 cxd4 15. Nxd4 Bg6 16. Nb5 a6 17. Nd6 Nc5 18. Rad1 Rfd8 19. Rd4 Nfe4 20. Rxe4 Rxd6 21. Bxd6 Nxe4 22. Bf4 Rd8 23. Rd1 h6 24. Rxd8+ Qxd8 25. f3 Nc5 26. Be3 Qd6 27. Kf1 Kf8 28. Ke1 Ke7 29. Qf2 b6 30. Qd2 Qxd2+ 31. Kxd2 Kd6 32. c3 e5 33. Bc2 Bxc2 34. Kxc2 f6 35. Kd2 Kc6 36. Ke2 Na4 37. Kd3 Nb2+ 38. Ke4 Nxc4 39. Bc1 Nd6+ 40. Kd3 Kd5 41. Ba3 h5 42. g4 g6 43. Bc1 b5 44. Bh6 f5 45. gxh5 gxh5 46. Bf8 Nb7 47. Bg7 Nc5+ 48. Ke3 Ne6 49. Bf6 Nf4 50. h4 Ne6 51. Kd3 Nc5+ 52. Ke3 Ke6 53. Bg7 Nd7 54. Kd3 Kd5 55. Bh8 Nc5+ 56. Ke3 f4+ 57. Ke2 e4 58. fxe4+ Kxe4 59. Bd4 Nd3 60. Kd2 Ne5 61. Ke2 Ng4 62. a3 f3+ 63. Kd2 Kf4 0-1

[Event "Pardubice Czech op-B 23rd"]
[Site "Pardubice"]
[Date "2012.07.28"]
[Round "9"]
[White "Vydeslaver, Alik"]
[Black "Husarik, Branko"]
[Result "1-0"]
[WhiteElo "2385"]
[BlackElo "2161"]
[PlyCount "97"]
[EventDate "2012.07.20"]
[EventType "swiss"]
[EventRounds "9"]
[EventCountry "CZE"]
[SourceTitle "EXT 2013"]
[Source "ChessBase"]
[SourceDate "2012.11.22"]
[SourceVersion "1"]
[SourceVersionDate "2012.11.22"]
[SourceQuality "1"]

1. e4 e5 2. Nf3 Nc6 3. d4 exd4 4. Nxd4 Nf6 5. Nc3 Bb4 6. Nxc6 bxc6 7. Bd3 d5 8. exd5 0-0 9. 0-0 cxd5 10. h3 h6 11. Bf4 Bd6 12. Qf3 c6 13. Rfe1 Rb8 14. b3 Rb4 15. Bxd6 Qxd6 16. Ne2 Ne4 17. c3 Ng5 18. Qe3 Rh4 19. Ng3 f5 20. Qe5 Qd7 21. f4 Ne4 22. Ne2 Re8 23. Qd4 g5 24. Bxe4 Rxe4 25. Qf2 Qf7 26. Ng3 Rhxf4 27. Qc5 Re6 28. Rxe6 Qxe6 29. Qxa7 Bd7 30. Rd1 Be8 31. Qc5 g4 32. h4 Bf7 33. a4 Kh7 34. a5 d4 35. Rxd4 Qe3+ 36. Kh2 Rf2 37. Qxc6 f4 38. Qe4+ Qxe4 39. Nxe4 Ra2 40. Nf6+ Kg7 41. Rxf4 Bxb3 42. Nxg4 Bd5 43. Ne3 Be6 44. Re4 Kf7 45. Re5 Kf6 46. Rc5 Re2 47. Nd5+ Ke5 48. Nc7+ Kd6 49. Nxe6 1-0

[Event "Pardubice Czech op-B 23rd"]
[Site "Pardubice"]
[Date "2012.07.26"]
[Round "7"]
[White "Vydeslaver, Alik"]
[Black "Spalir, Jernej"]
[Result "1/2-1/2"]
[WhiteElo "2385"]
[BlackElo "2204"]
[PlyCount "67"]
[EventDate "2012.07.20"]
[EventType "swiss"]
[EventRounds "9"]
[EventCountry "CZE"]
[SourceTitle "EXT 2013"]
[Source "ChessBase"]
[SourceDate "2012.11.22"]
[SourceVersion "1"]
[SourceVersionDate "2012.11.22"]
[SourceQuality "1"]

1. e4 c6 2. d4 d5 3. exd5 cxd5 4. c3 Nc6 5. Bf4 Nf6 6. Nd2 Bf5 7. Qb3 Qc8 8. Ngf3 e6 9. a4 Be7 10. a5 a6 11. Qd1 0-0 12. Be2 Qd8 13. Nb3 b6 14. axb6 Qxb6 15. Ra2 Rfc8 16. Nbd2 Ne4 17. 0-0 Bd6 18. Bxd6 Nxd6 19. Qb3 Qxb3 20. Nxb3 Rab8 21. Nc5 a5 22. Nh4 Be4 23. f3 Bc2 24. f4 Bb3 25. Nxb3 Rxb3 26. Bd1 Rb6 27. Re1 g6 28. Nf3 Nc4 29. Re2 Rcb8 30. b3 Nd6 31. Red2 Rc8 32. Rd3 Ne4 33. Nd2 Nxd2 34. Rdxd2 1/2-1/2

[Event "Pardubice Czech op-B 23rd"]
[Site "Pardubice"]
[Date "2012.07.24"]
[Round "5"]
[White "Vydeslaver, Alik"]
[Black "Balenovic, Zvonimir"]
[Result "1-0"]
[WhiteElo "2385"]
[BlackElo "2182"]
[PlyCount "83"]
[EventDate "2012.07.20"]
[EventType "swiss"]
[EventRounds "9"]
[EventCountry "CZE"]
[SourceTitle "EXT 2013"]
[Source "ChessBase"]
[SourceDate "2012.11.22"]
[SourceVersion "1"]
[SourceVersionDate "2012.11.22"]
[SourceQuality "1"]

1. e4 d6 2. d4 Nf6 3. Nc3 g6 4. Bg5 Bg7 5. Qd2 c6 6. Bh6 Bxh6 7. Qxh6 Qa5 8. Bd3 Nbd7 9. Nge2 b5 10. 0-0 b4 11. Nb1 Ba6 12. Nd2 Bxd3 13. cxd3 Qb5 14. Qe3 0-0 15. f4 a5 16. Rac1 Rfc8 17. h3 e6 18. Nc4 Ne8 19. f5 exf5 20. exf5 Ndf6 21. fxg6 hxg6 22. Rf2 Nd5 23. Qh6 Rc7 24. Rcf1 Rd8 25. Ng3 Nb6 26. Ne4 Nxc4 27. Ng5 f6 28. Ne6 Rcd7 29. Qxg6+ Rg7 30. Nxg7 Nxg7 31. Qxf6 Rd7 32. Qf8+ Kh7 33. Rf7 Rxf7 34. Rxf7 Qg5 35. dxc4 Qe3+ 36. Kh2 Qxd4 37. Qxg7+ Qxg7 38. Rxg7+ Kxg7 39. Kg3 a4 40. Kf4 Kf6 41. Ke4 Ke6 42. h4 1-0

[Event "ISR-chT 1112"]
[Site "Israel"]
[Date "2011.12.30"]
[Round "3.3"]
[White "Vydeslaver, Alik"]
[Black "Deutsch, Eyal"]
[Result "1-0"]
[WhiteElo "2386"]
[BlackElo "2362"]
[PlyCount "81"]
[EventDate "2011.12.16"]
[EventType "team-tourn"]
[EventRounds "11"]
[EventCountry "ISR"]
[SourceTitle "EXT 2013"]
[Source "ChessBase"]
[SourceDate "2012.11.22"]
[SourceVersion "1"]
[SourceVersionDate "2012.11.22"]
[SourceQuality "1"]

1. b3 d5 2. Bb2 Bg4 3. h3 Bh5 4. g3 e6 5. Bg2 Nf6 6. Nf3 Nbd7 7. 0-0 h6 8. d3 Bc5 9. Nbd2 Qe7 10. a3 a5 11. c4 c6 12. e4 dxe4 13. dxe4 Bxf3 14. Qxf3 e5 15. b4 Bb6 16. c5 Bc7 17. Nc4 0-0 18. Qc3 Rfe8 19. Rfd1 Qe6 20. Nxa5 Bxa5 21. bxa5 Ra7 22. Rd6 Qe7 23. Rad1 Nf8 24. Qd2 Ng6 25. Bc3 Kh7 26. Qe3 Nf8 27. h4 Rea8 28. Bh3 Ne8 29. R6d2 Nf6 30. Rd6 Ne8 31. Bb4 Rxa5 32. Rd7 Nxd7 33. Rxd7 Qf8 34. Bxa5 Rxa5 35. Rxb7 Qxc5 36. Bf5+ g6 37. Rxf7+ Ng7 38. Bxg6+ Kxg6 39. Qf3 Qd6 40. h5+ Kh7 41. Qg4 1-0

[Event "ISR-ch"]
[Site "Haifa"]
[Date "2010.11.15"]
[Round "6"]
[White "Zanan, Evgeny"]
[Black "Vydeslaver, Alik"]
[Result "1/2-1/2"]
[WhiteElo "2207"]
[BlackElo "2388"]
[PlyCount "46"]
[EventDate "2010.11.08"]
[EventType "swiss"]
[EventRounds "9"]
[EventCountry "ISR"]
[SourceTitle "EXT 2011"]
[Source "ChessBase"]
[SourceDate "2010.11.26"]
[SourceVersion "1"]
[SourceVersionDate "2010.11.26"]
[SourceQuality "1"]

1. d4 d5 2. c4 c6 3. Nf3 Nf6 4. Nc3 dxc4 5. e3 b5 6. a4 b4 7. Nb1 Ba6 8. Be2 e6 9. 0-0 c5 10. Nbd2 c3 11. bxc3 bxc3 12. Nb1 Qa5 13. Ba3 Be7 14. Bxa6 Nxa6 15. Qd3 Nd5 16. Rc1 Nab4 17. Qc4 c2 18. Bxb4 Nxb4 19. Na3 0-0 20. Nxc2 Nd5 21. dxc5 Qxc5 22. Qxc5 Bxc5 23. Ncd4 Bxd4 1/2-1/2